| 000 | 00810nam a2200265 a 4500 | ||
|---|---|---|---|
| 001 | 2058942 | ||
| 003 | ARRUPE | ||
| 005 | 20220505080802.0 | ||
| 008 | 930622s1991 enka 001 0 eng | ||
| 010 | _a 93169419 | ||
| 020 | _a0716008289 | ||
| 040 |
_aDLC _cDLC |
||
| 050 | 0 | 0 |
_aGV1446 _b.P65 1991 |
| 100 | 1 |
_aPritchard, D. Brine _q(David Brine) _951408 |
|
| 245 | 1 | 0 |
_aBegin chess / _cby David B. Pritchard. |
| 250 | _a3rd rev. ed. | ||
| 260 |
_aKingswood, Surrey, U.K. : _bElliot Right Way Books, _cc1991. |
||
| 300 |
_a152 p. : _bill. ; _c18 cm. |
||
| 490 | 0 | _aPaperfronts | |
| 500 | _aIncludes index. | ||
| 650 | 0 |
_aChess. _938641 |
|
| 906 |
_a7 _bcbc _corignew _d3 _encip _f19 _gy-gencatlg |
||
| 942 |
_2lcc _cMONOGRAPH |
||
| 999 |
_c131341 _d131341 |
||